书目信息 |
| 题名: |
系统辨识理论及应用
|
|
| 作者: | 李言俊 , 张科 , 余瑞星 编著 | |
| 分册: | ||
| 出版信息: | 北京 国防工业出版社 2011.02 |
|
| 页数: | X, 300页 | |
| 开本: | 26cm | |
| 丛书名: | ||
| 单 册: | ||
| 中图分类: | N945.14 | |
| 科图分类: | ||
| 主题词: | 系统辨识--xi tong bian shi--英文 | |
| 电子资源: | ||
| ISBN: | 978-7-118-07230-3 | |
| 000 | 01383nam0 2200301 450 | |
| 001 | B20110026657 | |
| 005 | 20110712135156.26 | |
| 010 | @a978-7-118-07230-3@dCNY48.00 | |
| 100 | @a20110411d2011 em y0chiy50 ea | |
| 101 | 0 | @aeng |
| 102 | @aCN@b110000 | |
| 105 | @aak a 000yy | |
| 106 | @ar | |
| 200 | 1 | @a系统辨识理论及应用@Axi tong bian shi li lun ji ying yong@d= System identification theory and application@f李言俊, 张科, 余瑞星编著@zchi |
| 210 | @a北京@c国防工业出版社@d2011.02 | |
| 215 | @aX, 300页@c图@d26cm | |
| 320 | @a有书目 (第298-299页) | |
| 330 | @a本书共分14章。第1章至第4章为绪论、系统辨识常用输入信号、线性系统的经典辨识方法和动态系统的典范表达式,主要回顾和介绍了与系统的辨识有关的一些基础知识。第5章至第12章为最小二乘法辨识、极大似然法辨识、时变参数辨识方法、多输入一多输出系统的辨识、其他一些辨识方法、随机时序列模型的建立、系统结构辨识和闭环系统辨识等,介绍了系统辨识常用基本方法,是系统辨识的主要内容。第13章和第14章分别介绍了系统辨识在飞行器参数辨识中的应用和神经网络在系统辨识中的应用。 | |
| 333 | @a系统辨识相关人员 | |
| 510 | 1 | @a System identification theory and application@zchi |
| 586 | @a | |
| 606 | 0 | @a系统辨识@Axi tong bian shi@j英文 |
| 690 | @aN945.14@v5 | |
| 701 | 0 | @a李言俊@Ali yan jun@4编著 |
| 701 | 0 | @a张科@Azhang ke@4编著 |
| 701 | 0 | @a余瑞星@Ayu rui xing@4编著 |
| 801 | 0 | @aCN@c20110610 |
| 905 | @dN945.14@eL310@f3 | |
| 系统辨识理论及应用= System identification theory and application/李言俊, 张科, 余瑞星编著.-北京:国防工业出版社,2011.02 |
| X, 300页:图;26cm |
| 使用对象:系统辨识相关人员 |
| ISBN 978-7-118-07230-3:CNY48.00 |
| 本书共分14章。第1章至第4章为绪论、系统辨识常用输入信号、线性系统的经典辨识方法和动态系统的典范表达式,主要回顾和介绍了与系统的辨识有关的一些基础知识。第5章至第12章为最小二乘法辨识、极大似然法辨识、时变参数辨识方法、多输入一多输出系统的辨识、其他一些辨识方法、随机时序列模型的建立、系统结构辨识和闭环系统辨识等,介绍了系统辨识常用基本方法,是系统辨识的主要内容。第13章和第14章分别介绍了系统辨识在飞行器参数辨识中的应用和神经网络在系统辨识中的应用。 |
| ● |
| 相关链接 |
|
|
|
正题名:系统辨识理论及应用
索取号:N945.14/L310
 
预约/预借
| 序号 | 登录号 | 条形码 | 馆藏地/架位号 | 状态 | 备注 |
| 1 | 882738 | 208827386 | 自科库401/401自科库 142排2列6层/ [索取号:N945.14/L310] | 在馆 | |
| 2 | 882739 | 208827395 | 自科库401/401自科库 142排2列6层/ [索取号:N945.14/L310] | 在馆 | |
| 3 | 882740 | 208827402 | 自科库401/401自科库 142排2列6层/ [索取号:N945.14/L310] | 在馆 |